[Event "FIN-chT 1718"]
[Site "Finland"]
[Date "2017.10.22"]
[Round "4.2"]
[White "Rantanen, Yrjo A"]
[Black "Syvalahti, Heikki"]
[Result "1-0"]
[WhiteElo "2297"]
[BlackElo "2082"]
[PlyCount "113"]
[EventDate "2017.09.16"]
[EventType "team-tourn"]
[EventRounds "11"]
[EventCountry "FIN"]
[SourceTitle "EXT 2019"]
[Source "ChessBase"]
[SourceDate "2018.10.10"]
[SourceVersion "1"]
[SourceVersionDate "2018.10.10"]
[SourceQuality "1"]
[WhiteTeam "Helsinki KS 58"]
[BlackTeam "Karjaa KarjUra"]
[WhiteTeamCountry "FIN"]
[BlackTeamCountry "FIN"]

1. e4 d5 2. exd5 Qxd5 3. Nc3 Qa5 4. d4 c6 5. Nf3 Nf6 6. Ne5 Bf5 7. Nc4 Qd8 8. Qf3 e6 9. Bf4 Bxc2 10. Be5 Be7 11. h4 h5 12. Qg3 Bg6 13. Bc7 Qc8 14. Bd6 Qd8 15. Bc7 Qc8 16. Nd6+ Bxd6 17. Bxd6 Nbd7 18. Rc1 Qd8 19. Bc4 Bf5 20. 0-0 Nb6 21. Be2 g6 22. Rfe1 Nc8 23. Ba3 Nb6 24. Nb5 cxb5 25. Bxb5+ Nfd7 26. d5 a6 27. dxe6 fxe6 28. Bxd7+ Nxd7 29. Rxe6+ Kf7 30. Re7+ Qxe7 31. Bxe7 Kxe7 32. Rc7 b5 33. Qc3 Kf7 34. f3 Rhe8 35. Qc6 Red8 36. Qd5+ Be6 37. Rxd7+ Rxd7 38. Qxa8 Bxa2 39. Qxa6 Bc4 40. Qc6 Rd3 41. Kh2 Rb3 42. Qd7+ Kf6 43. Qd4+ Kf7 44. Qh8 Rd3 45. g4 hxg4 46. fxg4 Rd5 47. Kg3 Bd3 48. Kf4 Ke6 49. Qg7 Kd6 50. h5 gxh5 51. gxh5 Kc6 52. h6 Rd7 53. Qc3+ Kb6 54. b4 Bc4 55. Qe3+ Kb7 56. h7 Rf7+ 57. Kg5 1-0

[Event "FIN-chT 1617"]
[Site "Finland"]
[Date "2016.09.17"]
[Round "1.5"]
[White "Kytoniemi, Jyrki"]
[Black "Syvalahti, Heikki"]
[Result "1-0"]
[WhiteElo "2215"]
[BlackElo "2073"]
[PlyCount "119"]
[EventDate "2016.09.17"]
[EventType "team-tourn"]
[EventRounds "11"]
[EventCountry "FIN"]
[SourceTitle "CBM 174 Extra"]
[Source "ChessBase"]
[SourceDate "2016.10.10"]
[SourceVersion "1"]
[SourceVersionDate "2016.10.10"]
[SourceQuality "1"]
[WhiteTeam "Tampere Tammer"]
[BlackTeam "Karjaa KarjUra"]
[WhiteTeamCountry "FIN"]
[BlackTeamCountry "FIN"]

1. Nc3 d5 2. e4 dxe4 3. Nxe4 g6 4. Bc4 Bg7 5. Qf3 Nf6 6. Nxf6+ Bxf6 7. Bb5+ c6 8. Ba4 Nd7 9. Bb3 Nc5 10. d3 Nxb3 11. axb3 Be6 12. Ne2 Qd7 13. 0-0 Bg4 14. Qe3 Bxe2 15. Qxe2 0-0 16. Ra4 a6 17. Re4 Rad8 18. Bd2 Rfe8 19. Bc3 Bxc3 20. bxc3 e6 21. Re1 Qe7 22. Qe3 Rd5 23. f4 Qf6 24. Re5 Red8 25. g3 Kg7 26. Rf1 R8d7 27. c4 Rd4 28. Ra1 h5 29. Kg2 Rd8 30. Rd1 Kg8 31. c3 R4d7 32. d4 Kg7 33. c5 Kg8 34. h3 Kg7 35. Rf1 Rh8 36. Rg5 Qe7 37. Re5 Qf6 38. Ra1 Rhd8 39. Ra4 Rd5 40. Ra2 R5d7 41. Rf2 Rh8 42. Kf3 Rhd8 43. Ke2 Rh8 44. Kd3 Rd5 45. Rxd5 exd5 46. Qe5 Rd8 47. Re2 Qxe5 48. dxe5 Re8 49. Kd4 Rd8 50. g4 hxg4 51. hxg4 Rh8 52. f5 Rh4 53. e6 fxe6 54. fxe6 Kf8 55. Ke5 Ke7 56. Rf2 Rh7 57. g5 Rg7 58. b4 Rh7 59. Rf3 Rg7 60. Rf6 1-0

[Event "Helsinki We EtVaS A"]
[Site "Helsinki"]
[Date "2016.05.28"]
[Round "2.5"]
[White "Syvalahti, Heikki"]
[Black "Syvalahti, Timo"]
[Result "0-1"]
[WhiteElo "2069"]
[BlackElo "2136"]
[PlyCount "68"]
[EventDate "2016.05.27"]
[EventType "swiss"]
[EventRounds "5"]
[EventCountry "FIN"]
[SourceTitle "EXT 2022"]
[Source "ChessBase"]
[SourceDate "2021.10.06"]
[SourceVersion "1"]
[SourceVersionDate "2021.10.06"]
[SourceQuality "1"]

1. c4 e5 2. Nc3 Nf6 3. g3 Bb4 4. Bg2 0-0 5. e3 Bxc3 6. bxc3 e4 7. f3 Qe7 8. Qc2 Re8 9. fxe4 Nxe4 10. Qxe4 Qxe4 11. Bxe4 Rxe4 12. d3 Re8 13. Kf2 d6 14. Nf3 Nd7 15. Ba3 b6 16. e4 Bb7 17. Rhe1 c5 18. Bc1 Ne5 19. Nxe5 dxe5 20. Be3 Rad8 21. Ke2 Rd6 22. Rad1 Red8 23. h3 Bc8 24. g4 g6 25. Rg1 Kh8 26. Bg5 f6 27. Bh4 Kg7 28. Rd2 Be6 29. Rdd1 Rh8 30. Bg3 h5 31. g5 Bxh3 32. gxf6+ Kxf6 33. Rgf1+ Bxf1+ 34. Rxf1+ Ke6 0-1

[Event "Turku We Tsy"]
[Site "Turku"]
[Date "2016.04.08"]
[Round "1"]
[White "Syvalahti, Heikki"]
[Black "Heino, Juha"]
[Result "1/2-1/2"]
[WhiteElo "2069"]
[BlackElo "2093"]
[PlyCount "95"]
[EventDate "2016.04.08"]
[EventType "swiss"]
[EventRounds "5"]
[EventCountry "FIN"]
[SourceTitle "EXT 2022"]
[Source "ChessBase"]
[SourceDate "2021.10.06"]
[SourceVersion "1"]
[SourceVersionDate "2021.10.06"]
[SourceQuality "1"]

1. d4 d5 2. Nf3 Nf6 3. c4 e6 4. g3 Be7 5. Bg2 0-0 6. 0-0 Re8 7. Nc3 c6 8. Ne5 Nbd7 9. Nxd7 Bxd7 10. Qd3 a6 11. e4 dxc4 12. Qxc4 e5 13. d5 Rc8 14. Qb3 b5 15. dxc6 Rxc6 16. Bg5 Be6 17. Qd1 Rd6 18. Qc1 Qd7 19. Rd1 Rd8 20. Rxd6 Qxd6 21. Bxf6 Bxf6 22. Nd5 Be7 23. Qd2 Bxd5 24. exd5 f5 25. Rd1 Rc8 26. Rc1 Rxc1+ 27. Qxc1 Qc5 28. Qd2 g6 29. Bf1 Kg7 30. a4 bxa4 31. Bxa6 a3 32. bxa3 Qxa3 33. Qe2 Bd6 34. Qb5 Qc1+ 35. Kg2 Qc7 36. Bb7 Qe7 37. Bc8 Qd8 38. Be6 Qe7 39. h4 h5 40. Qc6 Kh7 41. Kf3 Kg7 42. Ke2 Kh6 43. Kd3 f4 44. Qc8 fxg3 45. fxg3 Qf8 46. Qxf8+ Bxf8 47. Kc4 Bd6 48. g4 1/2-1/2